Protecting the environment (Record no. 72476)
[ view plain ]
| 000 -LEADER | |
|---|---|
| fixed length control field | 01112cam a2200217 4500 |
| 001 - CONTROL NUMBER | |
| control field | WB3914-12 |
| 008 - FIXED-LENGTH DATA ELEMENTS--GENERAL INFORMATION | |
| fixed length control field | 030410n2003 000 0 eng u |
| 035 ## - SYSTEM CONTROL NUMBER | |
| System control number | (Sirsi) u121949 |
| 245 ## - TITLE STATEMENT | |
| Title | Protecting the environment |
| 260 ## - PUBLICATION, DISTRIBUTION, ETC. | |
| Date of publication, distribution, etc. | 2003 |
| 490 ## - SERIES STATEMENT | |
| Series statement | HM Treasury Press Release |
| Volume/sequential designation | (PN 04) 9 April 2003 (7) |
| 520 ## - SUMMARY, ETC. | |
| Summary, etc. | Environmental measures in the 2003 budget include an increase in the standard rate of landfill tax by £3 per tonne annually until it reaches £35 per tonne and the creation of a Waste Management Performance Fund. The climate change levy will be frozen at current rates and there will be new enhanced capital allowances for water efficient and energy-saving technologies. Full budget report available at www.hm-treasury.gov.uk/budget/bud_bud03/budget_report/bud_bud03_repindex.cfm. www.hm-treasury.gov.uk/budget/bud_bud03/press_notices/bud_bud03_press04.cfm |
| 590 ## - LOCAL NOTE (RLIN) | |
| Local note | WB |
| 650 ## - SUBJECT ADDED ENTRY--TOPICAL TERM | |
| Topical term or geographic name entry element | CAPITAL ALLOWANCES |
| 650 ## - SUBJECT ADDED ENTRY--TOPICAL TERM | |
| Topical term or geographic name entry element | CLIMATE CHANGE LEVY |
| 650 ## - SUBJECT ADDED ENTRY--TOPICAL TERM | |
| Topical term or geographic name entry element | BUDGET |
| 650 ## - SUBJECT ADDED ENTRY--TOPICAL TERM | |
| Topical term or geographic name entry element | WASTE MANAGEMENT |
| 650 ## - SUBJECT ADDED ENTRY--TOPICAL TERM | |
| Topical term or geographic name entry element | LANDFILL TAX |
| 690 ## - LOCAL SUBJECT ADDED ENTRY--TOPICAL TERM (OCLC, RLIN) | |
| Topical term or geographic name as entry element | ENVIRONMENTAL AND LAND CONSULTANCY |
| 942 ## - ADDED ENTRY ELEMENTS (KOHA) | |
| Suppress in OPAC | 0 |
| Withdrawn status | Lost status | Source of classification or shelving scheme | Damaged status | Not for loan | Home library | Current library | Shelving location | Date acquired | Total Checkouts | Full call number | Barcode | Date last seen | Copy number | Price effective from | Koha item type |
|---|---|---|---|---|---|---|---|---|---|---|---|---|---|---|---|
| Dewey Decimal Classification | London | London | News article | 10/04/2003 | WB3914-12 | 121949-1001 | 06/08/2019 | 1 | 06/08/2019 | Journal article |